000 00659nam a2200217 a 4500
001 17531
003 CO-ViMGA
008 141112s2004 ck r 000 u spa d
020 _a9583009970
040 _aCO-ViMGA
_bspa
_cCO-ViMGA
082 0 4 _aMONa
100 1 _aMontaña Ibañez, Francisco
_98126
245 1 0 _aAndres, perro y oso en el país de los miedos
260 _aBogotá,
_cPanAméricana,
_c2003
300 _a96.p.
590 _aForma de adquisición : Premio - Mincultura
650 1 4 _aANIMALES - TEATRO INFANTIL
_924837
650 1 4 _aMIEDOS - TEATRO INFANTIL
_924838
650 1 4 _aTEATRO ESCOLAR INFANTIL EN COLOMBIA
_924839
942 _2ddc
_cBK
999 _c27039
_d27039